000 00614nam a22002057a 4500
999 _c6935
_d6935
003 OSt
005 20210514110954.0
008 210514b ||||| |||| 00| 0 eng d
020 _a9781844261826
040 _cDDC
082 _a636.4 MPO 2011
100 _aMpofu, Irvin
_914227
245 _aPig Production Science and Technology:
_bFrom Free Range to Small Scale Intensive Production System.
260 _aWageningen:
_bAgromisa Foundation;
_c2011,
300 _a99p. :
_b ill. ;
_c 21 cm
504 _aIncludes References
650 _aPig Production.
_914228
650 _aSwine.
_914229
942 _2ddc
_cBOOK